Music Quiz

Random Music or Song Quiz
Score 0/10 Timer 05:00
0 Plays Today
Lyric Song % Correct
'Some are satin, some are steel, some are silk, and some are leather...'The Stranger
94.7%
'You ain't got the time to go to Cold Spring harbor no more...'Everybody Loves You Now
47.8%
'She didn't need another lover; all she wanted was the sax!'Christie Lee
46.2%
'Crazy Latin dancing solo down in Herald Square...'Rosalinda's Eyes
43.2%
'I've got a woman; my life should be easy...'Storm Front
38.2%
'I can still taste the wedding cake, and it's sweet after all these years.'Famous Last Words
35.5%
'Gotta hit those bricks, 'cause the news at six has gotta stick to a deadline...'Close to the Borderline
33.6%
'I see only what you're paid to show me...'Roberta
29.2%
'I would not change that much, knowing what I know now...'Getting Closer
24.6%
'Lightning and thunder flashed across the road we drove upon...'Worse Comes to Worst
23.3%

You're not logged in!

Compare scores with friends on all Sporcle quizzes.
OR
Log In

Sporcle TV

Today on Sporcle TV


Watch our educational content, quiz creation guides, and fun videos on Sporcle TV.

Show Comments

Extras

Top Quizzes Today


Score Distribution

Paid Content

Your Account Isn't Verified!

In order to create a playlist on Sporcle, you need to verify the email address you used during registration. Go to your Sporcle Settings to finish the process.

Report this User

Report this user for behavior that violates our Community Guidelines.

Details: